000 00420pab a2200157 454500
008 180718b2005 xxu||||| |||| 00| 0 eng d
100 _aEzcurra, Roberto, et al
245 _aInequality, polarisation and regional mobility in the European union
260 _c2005
300 _ap.1057-076.
362 _aJun
650 _aIncome distribution
650 _aEuropean union
773 _aUrban Studies
909 _a66113
999 _c66113
_d66113